<?xml version="1.0" encoding="UTF-8"?>
<record
    xmlns:xsi="http://www.w3.org/2001/XMLSchema-instance"
    xsi:schemaLocation="http://www.loc.gov/MARC21/slim http://www.loc.gov/standards/marcxml/schema/MARC21slim.xsd"
    xmlns="http://www.loc.gov/MARC21/slim">

  <leader>00580nam a22001577a 4500</leader>
  <datafield tag="999" ind1=" " ind2=" ">
    <subfield code="c">8099</subfield>
    <subfield code="d">8099</subfield>
  </datafield>
  <controlfield tag="003">GBCCL</controlfield>
  <controlfield tag="005">20241126110643.0</controlfield>
  <controlfield tag="008">190218b           ||||| |||| 00| 0 eng d</controlfield>
  <datafield tag="040" ind1=" " ind2=" ">
    <subfield code="c">GBC</subfield>
  </datafield>
  <datafield tag="082" ind1=" " ind2=" ">
    <subfield code="a">ARC LAL</subfield>
    <subfield code="b">2015</subfield>
  </datafield>
  <datafield tag="100" ind1=" " ind2=" ">
    <subfield code="a">Lal, Th. Gin Muan</subfield>
    <subfield code="9">14118</subfield>
  </datafield>
  <datafield tag="245" ind1=" " ind2=" ">
    <subfield code="a">Developing A Missiological Paradigm For the Uran Context of the Khasi Tribe in Shillong, Meghalaya |</subfield>
    <subfield code="c">Th. Gin Muan Lal</subfield>
  </datafield>
  <datafield tag="300" ind1=" " ind2=" ">
    <subfield code="a">141 + xxxvi + 3 p.;</subfield>
    <subfield code="c">20 cm. x 28 cm.</subfield>
  </datafield>
  <datafield tag="650" ind1=" " ind2=" ">
    <subfield code="a">Missions</subfield>
    <subfield code="v">Missiological Paradigm</subfield>
    <subfield code="v">Urban Mission</subfield>
    <subfield code="x">Khasi Tribes</subfield>
    <subfield code="z">Khasi Hills</subfield>
    <subfield code="z">Jaintia Hills</subfield>
    <subfield code="z">Meghalaya</subfield>
    <subfield code="9">14119</subfield>
  </datafield>
  <datafield tag="942" ind1=" " ind2=" ">
    <subfield code="2">ddc</subfield>
    <subfield code="c">TH</subfield>
  </datafield>
  <datafield tag="952" ind1=" " ind2=" ">
    <subfield code="0">0</subfield>
    <subfield code="1">0</subfield>
    <subfield code="2">ddc</subfield>
    <subfield code="4">0</subfield>
    <subfield code="7">0</subfield>
    <subfield code="a">GBC</subfield>
    <subfield code="b">GBC</subfield>
    <subfield code="c">ARC</subfield>
    <subfield code="d">2019-02-18</subfield>
    <subfield code="l">0</subfield>
    <subfield code="o">ARC LAL 2015</subfield>
    <subfield code="p">025162</subfield>
    <subfield code="r">2025-05-01 00:00:00</subfield>
    <subfield code="t">c.1</subfield>
    <subfield code="w">2019-02-18</subfield>
    <subfield code="y">TH</subfield>
  </datafield>
</record>
